Cincin sakti

Bibliographic Details
Main Author: Mohammad bin Harun
Format: Book
Published: Petaling Jaya : Eddiplex , 19--?
Series:Siri cerita klasik dari Eropah
Subjects:

MARC

LEADER 00000cam a2200000 7i4500
001 0000003670
002 000003953
005 20000330.0
020 |a 9838800767 
090 0 0 |a JF   |b MOH 
100 0 |a Mohammad bin Harun 
245 1 0 |a Cincin sakti   |c Mohammad bin Harun 
260 |a Petaling Jaya :   |b Eddiplex ,   |c 19--? 
300 |a 24p. :   |b ill. ;   |c 25cm. 
490 0 |a Siri cerita klasik dari Eropah 
650 0 0 |a Children's stories, Malay 
999 |a 032100   |b BUKU   |c PINJAMAN   |e PERPUSTAKAAN KOMUNITI PETALING JAYA